Histoire de la psychologie des grecs. tomo 4 /
Guardado en:
| Autor Principal: | |
|---|---|
| Formato: | Libro |
| Publicado: |
Bruxelles :
Culture Et Civilisation,
1966
|
| Etiquetas: |
Agregar Etiqueta
Sin Etiquetas, Sea el primero en etiquetar este registro!
|
| LEADER | 00440nam a22001335a 4500 | ||
|---|---|---|---|
| 001 | EHU.bham001921 | ||
| 003 | AR-BHAM | ||
| 005 | 20070321170602.0 | ||
| 008 | 130507s1966##################000#0#####d | ||
| 082 | 1 | 5 | |a 150.937 |
| 100 | 1 | |a Chaignet, A.-e. | |
| 245 | 1 | 0 | |a Histoire de la psychologie des grecs. tomo 4 / |c A.-e. Chaignet. |
| 260 | |a Bruxelles : |b Culture Et Civilisation, |c 1966 | ||
| 859 | |a AR-BHAM |b BIB. HUMANIDADES - General |h 150.937 |i C347 |p 103.70 |t Ej.1 |v IV |3 IV | ||
